000 00433nam a2200181Ia 4500
005 20250423100138.0
008 250422s9999 xx 000 0 und d
020 _a0-425-14286-8
050 _aPS 3569 .A5125 M36/
100 _aSanders, Lawrence, 1920-
245 0 _aMcNally’s risk
260 _aNew York
260 _bThe Berkley Publishing Group
260 _c1994
300 _a325 p
650 _aEnglish
942 _cBK
999 _c32414
_d32414